|
|
|
|
| LEADER |
00000nam a2200000 a 4500 |
| 001 |
vtls001464212 |
| 003 |
SK-MaSNL |
| 005 |
20260301014252.0 |
| 008 |
180810s1808 xo 0 lat |
| 035 |
|
|
|a SNK000419517
|
| 040 |
|
|
|a SNKHF
|b slo
|c SNK
|e AACR2
|
| 041 |
0 |
|
|a lat
|
| 044 |
|
|
|a xo
|c SK
|
| 072 |
|
7 |
|a 808
|x Literárny štýl. Literárna činnosť a technika. Efektívne využívanie jazyka. Spisovateľská činnosť
|2 konspekt
|
| 080 |
|
|
|a 808.5-051
|2 2011
|
| 100 |
1 |
|
|a Dietrich, Nicolaus
|4 aut
|9 302264
|
| 245 |
1 |
|
|a Excellentissimo, Ac Illustrissimo Domino Josepho E Comitibus Szapáry De Eadem Perpetuo in Szétsi-Sziget, et Muraj-Szombat, S. C. et R. Apostolicae Majestatis Camerario, Actuali Intimo Status Consiliario, et Superiori Regio per Districtum Litterarium Posoniensem Derectori, Dum Per Excellentissimum, Ac Illustrissimum Dominum Comitem Josephum Eszterházy De Galantha S. C. et R. A. M. Pariter Camerarium Act. Intimum Status, nec non ad Excelsam Cancellariam Hungarico-Aulicam Consiliarium, et I. Comit. Zempliniensis Supremum Comitem, nunc Comissarium Regium Supremus Comes in Provincia Mosoniensi Die 15. Mensis Februarii 1808 inauguraretur. Scholae Piae Ovarienses
|
| 260 |
|
|
|a Posonii
|b Typis Georgii Aloysii Belnay
|c 1808
|
| 300 |
|
|
|a 8 s.
|c 18 cm
|
| 600 |
1 |
4 |
|a Eszterházy, Joseph
|9 302265
|
| 650 |
0 |
7 |
|a príležitostné reči
|2 SNKPH
|9 281460
|
| 700 |
1 |
|
|a Belnai, Juraj Alojz,
|d 1765-1809
|4 prt
|9 219598
|
| 752 |
|
|
|a Slovensko
|d Bratislava
|
| 852 |
|
|
|a snk
|p SD 46636
|
| 958 |
|
|
|a ONDV
|
| 958 |
|
|
|a DF
|
| 999 |
|
|
|c 558241
|d 560171
|
| 952 |
|
|
|a SNK
|b SNK
|y PREZ
|7 0
|p 17A0406719
|o snkSD 46636 D1
|i snkF 5032/77
|8 5
|0 0
|1 0
|4 0
|d 2003-11-28
|l 0
|r 2005-01-02 00:00:00
|w 2026-02-23
|
| 952 |
|
|
|a SNK
|b SNK
|y PREZ
|7 0
|p 17A0988927
|o snkSD 46636
|i snkF 2078/77
|8 5
|0 0
|1 0
|4 0
|d 2023-03-09
|l 0
|r 2026-02-23 13:32:19
|w 2026-02-23
|